• 首页
  • 本馆介绍
  • 公告通知
  • 最新文献
  • 馆藏检索
  • 电子资源
  • 读者导购
  • 参考咨询
  • 我的图书馆
  • 登录
  • 详细信息显示
  • 放入我的书架
  • 预约/预借图书
  • 作者相关作品
  • 分类相关作品
  • 丛书相关作品
  • 出版社相关作品

书目信息

  • 表格格式
  • 工作单格式
  • 卡片格式
题名:
食品工程原理
    
 
作者: 赵思明 主编
分册:  
出版信息: 北京   科学出版社  2016.11
页数: 416页
开本: 26cm
丛书名:
单 册:
中图分类: TS201.1
科图分类:
主题词: 食品工程学--高等教育--教材
电子资源:
ISBN: 978-7-03-050669-6
000 00874nam0 2200241 450
001 3818
005 20181009100355.53
010    @a978-7-03-050669-6@dCNY69.00
100    @a20170802d2016 em y0chiy50 ea
101 0  @achi
102    @aCN@b110000
105    @aa z 000yy
200 1  @a食品工程原理@9shi pin gong cheng yuan li@f赵思明主编
205    @a2版
210    @a北京@c科学出版社@d2016.11
215    @a416页@d26cm
300    @a普通高等教育“十二五”规划教材
330    @a本书共十三章,主要介绍动量、热量、质量传递的基本理论及食品工程主要单元操作、典型设备和计算方法。主要的单元操作包括:流体输送与机械、制冷技术、物质分离、固体流态化、气力输送、传热、蒸发、气体吸收、蒸馏和物料干燥等。
606 0  @a食品工程学@x高等教育@j教材
690    @aTS201.1@v5
701  0 @a赵思明@9zhao si ming@4主编
801  0 @aCN@b91MARC@c20170802
905    @aMuseLib@dTS201.1@e285=2
    
    食品工程原理/赵思明主编.-2版.-北京:科学出版社,2016.11
    416页;26cm
    普通高等教育“十二五”规划教材
    
    ISBN 978-7-03-050669-6:CNY69.00
    本书共十三章,主要介绍动量、热量、质量传递的基本理论及食品工程主要单元操作、典型设备和计算方法。主要的单元操作包括:流体输送与机械、制冷技术、物质分离、固体流态化、气力输送、传热、蒸发、气体吸收、蒸馏和物料干燥等。
●
相关链接 在E读中查询图书 在五车中查询图书 在当当中查询图书 在豆瓣中查询图书


正题名:食品工程原理     索取号:TS201.1/285=2         预约/预借

序号 登录号 条形码 馆藏地/架位号 状态 备注
1 1123844   211238445   第二样本阅览室/ [索取号:TS201.1/285=2] 在馆    
2 1123845   211238454   第三借阅区/ [索取号:TS201.1/285=2] 在馆    
3 1123846   211238463   密集书库-生命科学系/ [索取号:TS201.1/285=2] 在馆    
唐山师范学院图书馆 欢迎您!
大连网信软件有限公司© 版权所有